| 000 | 01127cam a2200253Ia 4500 | ||
|---|---|---|---|
| 001 | lovessavageembra00bowe | ||
| 003 | CaSfIA | ||
| 005 | 20210118165704.0 | ||
| 007 | cr|||| | ||
| 008 | 961025s1987 nyu 000 1 eng d | ||
| 040 |
_aUUC _cUUC _dOCLCQ _dCaSfIA |
||
| 035 | _a(OCoLC)35795721 | ||
| 100 | 1 | _aBowersock, Melissa. | |
| 245 | 1 | 0 |
_aLove's savage embrace / _h[electronic resource] _cMelissa Bowersock. |
| 260 |
_a[New York] : _bCenturion, _cc1987. |
||
| 300 |
_a400 p. ; _c17 cm. |
||
| 500 | _a"A Centurion book." | ||
| 655 | 7 |
_aLove stories. _2gsafd |
|
| 856 | 4 | 1 |
_uhttp://www.archive.org/details/lovessavageembra00bowe _zFree eBook from the Internet Archive |
| 856 | 4 | 2 |
_uhttp://www.openlibrary.org/books/OL24213019M _zAdditional information and access via Open Library |
| 942 | _cEB | ||
| 506 | _fНеобхідна авторизація на https://archive.org/ (створення облікового запису безкоштовно) | ||
| 506 | _fНеобхідна авторизація на https://openlibrary.org/ (створення облікового запису безкоштовно) | ||
| 999 |
_c521086 _d521086 |
||